<?xml version="1.0" encoding="UTF-8"?>
<record
    xmlns:xsi="http://www.w3.org/2001/XMLSchema-instance"
    xsi:schemaLocation="http://www.loc.gov/MARC21/slim http://www.loc.gov/standards/marcxml/schema/MARC21slim.xsd"
    xmlns="http://www.loc.gov/MARC21/slim">

  <leader>00259nam a2200109Ia 4500</leader>
  <controlfield tag="008">220803s9999    xx            000 0 und d</controlfield>
  <datafield tag="041" ind1=" " ind2=" ">
    <subfield code="a">eng</subfield>
  </datafield>
  <datafield tag="245" ind1=" " ind2=" ">
    <subfield code="a">National Gallery</subfield>
  </datafield>
  <datafield tag="260" ind1=" " ind2=" ">
    <subfield code="b">UNESCO Pub.</subfield>
  </datafield>
  <datafield tag="500" ind1=" " ind2=" ">
    <subfield code="a">Architecture</subfield>
  </datafield>
  <datafield tag="650" ind1=" " ind2=" ">
    <subfield code="a">Architectural Design</subfield>
    <subfield code="9">9806</subfield>
  </datafield>
  <datafield tag="999" ind1=" " ind2=" ">
    <subfield code="c">8627</subfield>
    <subfield code="d">8627</subfield>
  </datafield>
  <datafield tag="952" ind1=" " ind2=" ">
    <subfield code="0">0</subfield>
    <subfield code="1">0</subfield>
    <subfield code="4">0</subfield>
    <subfield code="7">0</subfield>
    <subfield code="8">Book of B Arch</subfield>
    <subfield code="a">BNCA</subfield>
    <subfield code="b">BNCA</subfield>
    <subfield code="c">B12</subfield>
    <subfield code="d">1999-04-30</subfield>
    <subfield code="e">West End</subfield>
    <subfield code="g">293.00</subfield>
    <subfield code="l">0</subfield>
    <subfield code="o">729.6</subfield>
    <subfield code="p">BNCA-BK-197</subfield>
    <subfield code="r">2022-08-03 00:00:00</subfield>
    <subfield code="v">345.00</subfield>
    <subfield code="w">1995-01-05</subfield>
    <subfield code="y">BK</subfield>
    <subfield code="z">B000197</subfield>
  </datafield>
</record>
